Sometimes rhythm, sometimes blues : young African Americans on love, relationships, sex, and the search for Mr. Right (Record no. 376273)
[ view plain ]
| 000 -LEADER | |
|---|---|
| fixed length control field | 00353nam a2200097Ia 4500 |
| 082 ## - DEWEY DECIMAL CLASSIFICATION NUMBER | |
| Classification number | 306.7 SOME |
| 008 - FIXED-LENGTH DATA ELEMENTS--GENERAL INFORMATION | |
| fixed length control field | 210817s9999 xx 000 0 und d |
| 100 ## - MAIN ENTRY--PERSONAL NAME | |
| Personal name | Smith, Taigi Emeryville, CA, 2003 |
| 9 (RLIN) | 92393 |
| 245 #0 - TITLE STATEMENT | |
| Title | Sometimes rhythm, sometimes blues : young African Americans on love, relationships, sex, and the search for Mr. Right |
| 942 ## - ADDED ENTRY ELEMENTS | |
| item type | Books |
| Withdrawn status | Lost status | Damaged status | Not for loan | Home library | Current library | Date acquired | Cost, normal purchase price | Total Checkouts | Barcode | Date last seen | Price effective from | item type |
|---|---|---|---|---|---|---|---|---|---|---|---|---|
| DAGGAKRAAL PUBLIC LIBRARY | DAGGAKRAAL PUBLIC LIBRARY | 20.08.2021 | 152.00 | 33228014550253 | 20.08.2021 | 20.08.2021 | Books |